Le riforme pi ̮recenti del Processo Civile

Bibliographic Details
Main Author: Balena, Giampiero
Other Authors: Bove, Mauro
Format: eBook
Language:Italian
Published: Bari : Cacucci Editore, 2006
Subjects:
Online Access:http://www.vlex.com/source/7337

MARC

LEADER 00000nam a22000007a 4500
005 20130305174039.0
007 cr|||| ||||
008 130305e2006 it |||||s|||| 00||0 ita d
020 |a 88-8422-479-9 
035 |a 7337 
040 |a vLex 
090 |c 3841  |d 3841 
100 1 0 |a Balena, Giampiero  
245 1 3 |a Le riforme pi ̮recenti del Processo Civile  |h [Recurso electrn̤ico]  |c / Giampiero Balena, Mauro Bove 
256 |a Servicio en ln̕ea 
260 |a Bari :   |b Cacucci Editore,   |c 2006  
300 |a 1 Recurso electrn̤ico 
506 |d vLex Global  |d vLex Global (Academic Edition, excluding Law Schools)  |d vLex Global (U.S. Academic Edition, Law Schools)  |d vLex Global (U.S. Academic Edition, excluding Law Schools)  |d vLex Global (Academic Edition, Law Schools) 
650 0 4 |a Procedimiento civil  |z Italia 
700 1 0 |a Bove, Mauro 
740 |a vLex Libros (Servicio en ln̕ea) 
856 |a Acceso restringido  |u http://www.vlex.com/source/7337 
942 |c BOOK 
999 0 |a Civil procedure